000 01594nam a2200361 i 4500
001 197718
003 ES-MaACL
005 20250831063045.0
008 250517b2025 sp ||||| |||| 00| 0 spa d
017 _aMU 182-2025
_bOficina Depósito Legal Murcia
040 _bspa
_cES-MaACL
100 1 _aCegarra Salcedo, María
_9241223
_eaut
245 _aCristales míos :
_bedición homenaje 90 aniversario /
_cMaría Cegarra Salcedo ; introducción de Ernesto Giménez Caballero ; ilustraciones de Virginia Bernal.
250 _aPrimera edición: La Unión, abril 2025
260 _aCartagena :
_bLa Unión,
_c2025.
300 _a132 páginas ;
_c21 cm.
336 _2rdacontent
_atexto
337 _2rdamedia
_asin mediación
338 _2rdacarrier
_avolumen
500 _aPrimera edición no venal de 500 ejemplares.
655 7 _2tgfbne
_9176539
_aPoesías
700 1 _957038
_aGiménez Caballero, Ernesto,
_d1899-1988
_eaui
700 1 _9175695
_aBernal, Virginia,
_d1970-
_eill
700 _aVázquez, María José
_eedt
_9242147
700 1 _9234260
_aIglesia, Francisco de la
_eedt
852 _aES-MaACL
_cDEPOJ
_jN-10591
_gDedicatoria autógrafa de los editores
_hDonación: María José Vázquez; Francisco de la Iglesia
_xEncuadernación rústica con solapas
_9206714
903 _aVázquez, María José
_ednr
903 _9234260
_aIglesia, Francisco de la
_ednr
942 _cMONOGRAFIA
_n0
999 _c197718
_d197718